00814nam a2200193Ia 4500001001000000003000500010008004100015010001100056040000900067100003000076245022400106260003400330300001000364502010600374650003000480650003100510650002900541710005000570Para_9646CHAP220125s2010 xx 000 0 und d a208322 cCHAP aMartínez Tapia, Antonio aEfectividad biológica de Actinovate (Streptomyces Lydicus) Contra Mildiú Pseudoperonospora cubensis (Berk. & M.A. Curtis) Rostovzev en calabacita (Cucurbita pepo L.) en Cuautla, Morelos /c Antonio Martínez Tapia aChapingo, Méx. :b el autor a42 h. aTesis (Ing. Agr. Esp. en Parasitología Agrícola) -- UACh. Departamento Parasitología Agrícola aCalabaza x enfermedades  aFungicidas x análisis  aMildiú x enfermedades aUACh. Departamento Parasitología Agrícola